000 00784cab a2200205 4500
001 WB2913-28
008 090401t1993 xxu||||| |||| 00| 0 eng d
035 _a(Sirsi) u40087
041 _aeng
245 _aWords used must be adequate
260 _c1993
350 _a0
490 _aTimes
_v1 April 1993, 38(1)
520 _aIn "Mountain v Hastings", CA 24 March 1993, there was no statutory requirement in the Housing Act 1988 that the ground relied on for rent arrears in a notice of proceedings for possession of a dwelling house let on an assured tenancy be set out verbatim from Schedule 2 to the Act.
650 _aASSURED TENANCIES
650 _aHOUSING ACT 1988
690 _aLANDLORD AND TENANT-CASE LAW-RESIDENTIAL TENANCIES
942 _n0
948 _c04/03/1997
999 _c25677
_d25677